[Event "GER-ch U25-B"]
[Site "Willingen"]
[Date "2023.06.03"]
[Round "9"]
[White "Borgert, Alexander"]
[Black "Tulchynsky, Mark"]
[Result "1/2-1/2"]
[WhiteElo "1516"]
[BlackElo "1425"]
[PlyCount "51"]
[EventDate "2023.05.27"]
[EventType "swiss"]
[EventRounds "9"]
[EventCountry "GER"]
[SourceTitle "CBM 214 Extra"]
[Source "ChessBase"]
[SourceDate "2023.07.31"]
[SourceVersion "1"]
[SourceVersionDate "2023.07.31"]
[SourceQuality "1"]

1. d4 d6 2. c4 e5 3. d5 f5 4. Nc3 Nf6 5. Bg5 g6 6. f3 Bg7 7. e4 h6 8. Bd2 f4 9. Nge2 Na6 10. Nc1 g5 11. Nd3 g4 12. Be2 h5 13. Qb3 Kf7 14. Na4 b6 15. Nb4 Nxb4 16. Bxb4 Nd7 17. Bd2 Bf6 18. 0-0-0 Nc5 19. Qc2 Bh4 20. Be1 Bxe1 21. Rdxe1 Nxa4 22. Qxa4 Qd7 23. Qxd7+ Bxd7 24. Rhg1 gxf3 25. gxf3 Rag8 26. h4 1/2-1/2

[Event "GER-ch U25-B"]
[Site "Willingen"]
[Date "2023.06.02"]
[Round "8"]
[White "Uhlmann, Jonas"]
[Black "Borgert, Alexander"]
[Result "1-0"]
[WhiteElo "1558"]
[BlackElo "1516"]
[PlyCount "65"]
[EventDate "2023.05.27"]
[EventType "swiss"]
[EventRounds "9"]
[EventCountry "GER"]
[SourceTitle "CBM 214 Extra"]
[Source "ChessBase"]
[SourceDate "2023.07.31"]
[SourceVersion "1"]
[SourceVersionDate "2023.07.31"]
[SourceQuality "1"]

1. e4 c5 2. Nf3 Nc6 3. d4 cxd4 4. Nxd4 g6 5. Nc3 Bg7 6. Be3 Nf6 7. f3 d6 8. Qd2 a6 9. 0-0-0 Bd7 10. Kb1 b5 11. g4 b4 12. Nd5 a5 13. h4 Nxd5 14. exd5 Ne5 15. h5 Qc7 16. h6 Bf8 17. Be2 Nc4 18. Bxc4 Qxc4 19. Ne2 Rc8 20. Rhe1 Bb5 21. b3 Qc7 22. Nd4 Qb7 23. Bg5 Rc7 24. Qf4 Rd7 25. Nxb5 Qxb5 26. Rd4 Rg8 27. Qf6 Qb7 28. Rde4 Qa7 29. c3 bxc3 30. Qxc3 Rc7 31. Rxe7+ Bxe7 32. Rxe7+ Rxe7 33. Qc8# 1-0

[Event "GER-ch U25-B"]
[Site "Willingen"]
[Date "2023.06.01"]
[Round "7"]
[White "Borgert, Alexander"]
[Black "Strohschaen, Michel"]
[Result "1/2-1/2"]
[WhiteElo "1516"]
[BlackElo "1718"]
[PlyCount "51"]
[EventDate "2023.05.27"]
[EventType "swiss"]
[EventRounds "9"]
[EventCountry "GER"]
[SourceTitle "CBM 214 Extra"]
[Source "ChessBase"]
[SourceDate "2023.07.31"]
[SourceVersion "1"]
[SourceVersionDate "2023.07.31"]
[SourceQuality "1"]

1. d4 c6 2. c4 d5 3. cxd5 cxd5 4. Nc3 Nf6 5. Nf3 Nc6 6. Bf4 a6 7. a3 Bg4 8. e3 e6 9. Be2 Bd6 10. Bg3 Rc8 11. Rc1 0-0 12. 0-0 Bxg3 13. hxg3 Na5 14. Nd2 Bf5 15. Na4 Nd7 16. b4 Nc6 17. Nb3 Nf6 18. Nac5 Qe7 19. Bd3 Bxd3 20. Nxd3 b6 21. Nd2 Rc7 22. Qa4 Nb8 23. Rxc7 Qxc7 24. Rc1 Qb7 25. Qc2 Ne8 26. a4 1/2-1/2

[Event "GER-chT U14"]
[Site "Willingen"]
[Date "2022.08.13"]
[Round "2.2"]
[White "Malan, Jan Willem"]
[Black "Borgert, Alexander"]
[Result "0-1"]
[WhiteElo "1747"]
[BlackElo "1477"]
[PlyCount "46"]
[EventDate "2022.08.13"]
[EventType "team-swiss"]
[EventRounds "7"]
[EventCountry "GER"]
[SourceTitle "EXT 2023"]
[Source "ChessBase"]
[SourceDate "2022.10.05"]
[SourceVersion "1"]
[SourceVersionDate "2022.10.05"]
[SourceQuality "1"]
[WhiteTeam "Kastellaun"]
[BlackTeam "Hamburger SK"]
[WhiteTeamCountry "GER"]
[BlackTeamCountry "GER"]

1. c4 e5 2. g3 Nc6 3. Bg2 Bc5 4. Nc3 d6 5. e3 a6 6. Nge2 Ba7 7. 0-0 h5 8. d4 h4 9. dxe5 Nxe5 10. Qa4+ Bd7 11. Qb3 Rb8 12. Nf4 g5 13. Nfe2 h3 14. Bh1 Qf6 15. Rd1 Nf3+ 16. Kf1 Nxh2+ 17. Kg1 Nf3+ 18. Kf1 h2 19. Nd5 Bh3+ 20. Bg2 h1Q+ 21. Ng1 Qxg2+ 22. Ke2 Nxg1+ 23. Ke1 Qfxf2# 0-1

[Event "GER-ch Youth-B"]
[Site "Willingen"]
[Date "2022.06.11"]
[Round "9"]
[White "Paqarizi, Endrit"]
[Black "Borgert, Alexander"]
[Result "1/2-1/2"]
[WhiteElo "1380"]
[BlackElo "1468"]
[PlyCount "59"]
[EventDate "2022.06.04"]
[EventType "swiss"]
[EventRounds "9"]
[EventCountry "GER"]
[SourceTitle "CBM 208 Extra"]
[Source "ChessBase"]
[SourceDate "2022.07.31"]
[SourceVersion "1"]
[SourceVersionDate "2022.07.31"]
[SourceQuality "1"]

1. d4 Nf6 2. Nc3 d5 3. Bf4 e6 4. e3 Bb4 5. Bd3 0-0 6. Nge2 c5 7. dxc5 Bxc5 8. 0-0 Nc6 9. e4 d4 10. Na4 Bd6 11. c3 Bxf4 12. Nxf4 e5 13. Ne2 b6 14. f4 dxc3 15. Naxc3 exf4 16. Nxf4 Qd4+ 17. Kh1 Ng4 18. Qe2 Qe3 19. Rae1 Qxe2 20. Rxe2 Nce5 21. h3 Nxd3 22. Nxd3 Ba6 23. Rd1 Bxd3 24. Rxd3 Ne5 25. Rd5 f6 26. b3 Rfd8 27. Red2 Rxd5 28. Nxd5 Kf7 29. Rc2 Rd8 30. Rc7+ 1/2-1/2

[Event "GER-ch Youth-B"]
[Site "Willingen"]
[Date "2022.06.09"]
[Round "7"]
[White "Laux, Filip"]
[Black "Borgert, Alexander"]
[Result "0-1"]
[WhiteElo "1395"]
[BlackElo "1468"]
[PlyCount "116"]
[EventDate "2022.06.04"]
[EventType "swiss"]
[EventRounds "9"]
[EventCountry "GER"]
[SourceTitle "CBM 208 Extra"]
[Source "ChessBase"]
[SourceDate "2022.07.31"]
[SourceVersion "1"]
[SourceVersionDate "2022.07.31"]
[SourceQuality "1"]

1. e4 c5 2. Nf3 Nc6 3. g3 g6 4. Bg2 Bg7 5. 0-0 d6 6. Re1 e5 7. d3 Nf6 8. Nbd2 Be6 9. Nf1 0-0 10. Nh4 d5 11. exd5 Bxd5 12. Ne3 Bxg2 13. Nhxg2 Nd5 14. c4 Nxe3 15. Bxe3 b6 16. Rb1 Nb4 17. a3 Nxd3 18. Re2 e4 19. Rd2 Qe7 20. Qc2 f5 21. b3 Ne5 22. Rd5 Rad8 23. Nf4 Nf3+ 24. Kh1 Nd4 25. Bxd4 cxd4 26. b4 Rxd5 27. Nxd5 Qd7 28. Qb3 Kh8 29. Rd1 Rd8 30. b5 Re8 31. Kg1 d3 32. h4 Bd4 33. Kg2 Qb7 34. Kf1 e3 35. fxe3 Rxe3 36. Rxd3 Rxd3 37. Qxd3 Qg7 38. Qe2 Qe5 39. Qxe5+ Bxe5 40. Kf2 Kg7 41. Kf3 Kf7 42. g4 fxg4+ 43. Kxg4 h5+ 44. Kg5 Bb2 45. Kf4 Bxa3 46. Ke5 Bc5 47. Ke4 Bf2 48. Nb4 Bxh4 49. Nc6 Bf2 50. Nxa7 h4 51. Kf3 Bc5 52. Nc6 Bd6 53. Kg4 g5 54. Nd4 Ke7 55. Nc2 Be5 56. Ne3 Kd6 57. Nc2 Kc5 58. Ne1 Kxc4 0-1

[Event "GER-ch Youth-B"]
[Site "Willingen"]
[Date "2022.06.07"]
[Round "4"]
[White "Bako, Evelin"]
[Black "Borgert, Alexander"]
[Result "0-1"]
[WhiteElo "1214"]
[BlackElo "1468"]
[PlyCount "124"]
[EventDate "2022.06.04"]
[EventType "swiss"]
[EventRounds "9"]
[EventCountry "GER"]
[SourceTitle "CBM 208 Extra"]
[Source "ChessBase"]
[SourceDate "2022.07.31"]
[SourceVersion "1"]
[SourceVersionDate "2022.07.31"]
[SourceQuality "1"]

1. d4 d5 2. Nf3 Nf6 3. e3 e6 4. Bd3 c5 5. b3 Nc6 6. Bb2 Be7 7. 0-0 0-0 8. Nbd2 a6 9. Ne5 Bd6 10. f4 Nb4 11. Be2 cxd4 12. exd4 Nd7 13. a3 Nc6 14. Bd3 Qh4 15. Nxd7 Bxd7 16. Rf3 f5 17. c4 Bxf4 18. g3 Bxg3 19. Rxg3 Rf6 20. Nf3 Qf4 21. Ne5 Nxe5 22. dxe5 Rg6 23. Rxg6 hxg6 24. Qe2 Kf7 25. Rf1 Qg5+ 26. Kh1 dxc4 27. bxc4 Ke7 28. Bc1 Qh4 29. Qg2 Bc6 30. Rf3 Qg4 31. Bg5+ Ke8 32. Qxg4 fxg4 33. Bxg6+ Kd7 34. Kg1 gxf3 35. Kf2 b5 36. c5 a5 37. h4 b4 38. axb4 axb4 39. Be3 b3 40. Ke1 Ra2 41. Bd3 b2 42. Kd1 Ba4+ 43. Ke1 Ra1+ 44. Kf2 b1Q 45. Bxb1 Rxb1 46. Kxf3 Rb3 47. Kf4 Rxe3 48. Kxe3 Kc6 49. Kf4 Bc2 50. h5 Kxc5 51. Kg5 Kd5 52. h6 gxh6+ 53. Kxh6 Kxe5 54. Kg5 Bf5 55. Kh4 Kf4 56. Kh5 Kf3 57. Kg5 e5 58. Kxf5 e4 59. Kg5 e3 60. Kh4 e2 61. Kh3 e1Q 62. Kh2 Qf2+ 0-1

[Event "GER-chT U12"]
[Site "Magdeburg"]
[Date "2021.08.08"]
[Round "7.2"]
[White "Heilmann, Ramon"]
[Black "Borgert, Alexander"]
[Result "0-1"]
[WhiteElo "996"]
[BlackElo "1527"]
[PlyCount "76"]
[EventDate "2021.08.04"]
[EventType "team-swiss"]
[EventRounds "7"]
[EventCountry "GER"]
[SourceTitle "EXT 2022"]
[Source "ChessBase"]
[SourceDate "2021.10.06"]
[SourceVersion "1"]
[SourceVersionDate "2021.10.06"]
[SourceQuality "1"]
[WhiteTeam "Erfurt USV"]
[BlackTeam "Hamburger SK"]
[WhiteTeamCountry "GER"]
[BlackTeamCountry "GER"]

1. e4 c5 2. Nc3 Nc6 3. Nf3 g6 4. g3 Bg7 5. Bg2 d6 6. 0-0 Bg4 7. d3 h5 8. h4 Nf6 9. Bg5 Nd7 10. Nd5 Nde5 11. c3 f6 12. Ne3 fxg5 13. Nxg4 Nxg4 14. Nxg5 Bf6 15. Ne6 Qd7 16. Nf4 e5 17. Nd5 Ne7 18. Nxf6+ Nxf6 19. Qf3 Rf8 20. Qd1 Ng4 21. Bh3 Qb5 22. b3 Qb6 23. c4 Qb4 24. Bxg4 hxg4 25. Qxg4 Qd2 26. h5 Qh6 27. Kg2 Qxh5 28. Qxh5 gxh5 29. Rh1 Rh8 30. a4 a5 31. Ra2 Nc6 32. Rd2 0-0-0 33. f3 Nd4 34. Rb2 Rdf8 35. Rf1 h4 36. gxh4 Rxh4 37. Rff2 Rg8+ 38. Kf1 Rh1# 0-1

[Event "GER Cup Net Final-C U1600"]
[Site "Playchess.com INT"]
[Date "2020.06.06"]
[Round "11"]
[White "Borgert, Alexander"]
[Black "Espig, Nils"]
[Result "0-1"]
[WhiteElo "1414"]
[BlackElo "1548"]
[PlyCount "88"]
[EventDate "2020.06.06"]
[EventType "swiss (blitz)"]
[EventRounds "13"]
[EventCountry "GER"]
[SourceTitle "CBM 197 Extra"]
[Source "ChessBase"]
[SourceDate "2020.09.30"]
[SourceVersion "1"]
[SourceVersionDate "2020.09.30"]
[SourceQuality "1"]

1. d4 d5 2. c4 dxc4 3. e3 c5 4. Bxc4 cxd4 5. Qxd4 Qxd4 6. exd4 Nc6 7. Nc3 Nxd4 8. Kd2 g6 9. Kd3 Nc6 10. Nf3 Nb4+ 11. Kd2 Bh6+ 12. Kd1 Bg7 13. Ng5 e6 14. a3 Nc6 15. Bb5 Bd7 16. Bxc6 Bxc6 17. Nf3 0-0-0+ 18. Kc2 Nf6 19. Be3 Kc7 20. Bf4+ Kc8 21. Be3 Nd5 22. Nxd5 Bxd5 23. Bxa7 Bxf3 24. gxf3 Kc7 25. Be3 Rd5 26. Rad1 Rf5 27. Rd3 Rb5 28. Rb3 Rxb3 29. Kxb3 Rd8 30. Rc1+ Kb8 31. Bb6 Rd2 32. Rc2 Rd3+ 33. Ka2 Rxf3 34. Rd2 Bf6 35. Rd7 Bh4 36. Rd4 Bg5 37. Rg4 Bf6 38. Rc4 Rd3 39. Rc1 Rd2 40. Rb1 Kc8 41. Rc1+ Kd7 42. Rc7+ Kd6 43. Rxb7 Rxb2+ 44. Ka1 Rxb6+ 0-1

[Event "GER Cup Net Final-C U1600"]
[Site "Playchess.com INT"]
[Date "2020.06.06"]
[Round "8"]
[White "Lang Pacheco, Noah"]
[Black "Borgert, Alexander"]
[Result "0-1"]
[WhiteElo "1510"]
[BlackElo "1414"]
[PlyCount "120"]
[EventDate "2020.06.06"]
[EventType "swiss (blitz)"]
[EventRounds "13"]
[EventCountry "GER"]
[SourceTitle "CBM 197 Extra"]
[Source "ChessBase"]
[SourceDate "2020.09.30"]
[SourceVersion "1"]
[SourceVersionDate "2020.09.30"]
[SourceQuality "1"]

1. e4 c5 2. Nf3 Nc6 3. Bb5 g6 4. Bxc6 dxc6 5. d4 cxd4 6. Qxd4 Qxd4 7. Nxd4 Bg7 8. Be3 c5 9. c3 cxd4 10. Bxd4 Bxd4 11. cxd4 Nf6 12. Nc3 0-0 13. 0-0 b6 14. e5 Nd7 15. Nd5 e6 16. Nf6+ Nxf6 17. exf6 Rd8 18. Rad1 Rd5 19. g4 Rg5 20. f3 h5 21. h3 hxg4 22. fxg4 Bb7 23. Rf2 Rd8 24. Rfd2 Rgd5 25. Kf2 R5d7 26. Kg3 e5 27. b3 Rxd4 28. Rxd4 Rxd4 29. Rxd4 exd4 30. Kf4 d3 31. Ke3 Ba6 32. Kd2 Kf8 33. a4 b5 34. Kxd3 bxa4+ 35. Kc3 axb3 36. Kxb3 Bf1 37. h4 Be2 38. g5 Ke8 39. Kb4 Kd7 40. Kc5 Ke6 41. Kc6 Kf5 42. Kd7 Bc4 43. Ke7 Kg4 44. Kf8 Kxh4 45. Ke7 Kxg5 46. Kd6 Bd3 47. Ke5 a5 48. Kd4 Bf5 49. Ke5 a4 50. Kd4 a3 51. Kc3 a2 52. Kb2 Be6 53. Ka1 Kxf6 54. Kb2 g5 55. Kc3 g4 56. Kd3 a1Q 57. Ke2 Qc3 58. Kf2 Qf3+ 59. Kg1 Bd5 60. Kh2 Qg2# 0-1

[Event "GER Pfingstopen U16"]
[Site "Playchess.com INT"]
[Date "2020.06.05"]
[Round "9"]
[White "Borgert, Alexander"]
[Black "Braeutigam, Alexander"]
[Result "0-1"]
[WhiteElo "1457"]
[BlackElo "1635"]
[PlyCount "21"]
[EventDate "2020.06.05"]
[EventType "swiss (blitz)"]
[EventRounds "11"]
[EventCountry "GER"]
[SourceTitle "CBM 197 Extra"]
[Source "ChessBase"]
[SourceDate "2020.09.30"]
[SourceVersion "1"]
[SourceVersionDate "2020.09.30"]
[SourceQuality "1"]

1. d4 d5 2. c4 Nf6 3. Nf3 dxc4 4. e3 e6 5. Bxc4 Nbd7 6. Nc3 c5 7. dxc5 Bxc5 8. Bd2 0-0 9. 0-0 b6 10. Bb5 Bb7 11. Qa4 0-1

[Event "GER Pfingstopen U16"]
[Site "Playchess.com INT"]
[Date "2020.06.05"]
[Round "3"]
[White "Borgert, Alexander"]
[Black "Deutsch, Oliver"]
[Result "0-1"]
[WhiteElo "1457"]
[BlackElo "1620"]
[PlyCount "69"]
[EventDate "2020.06.05"]
[EventType "swiss (blitz)"]
[EventRounds "11"]
[EventCountry "GER"]
[SourceTitle "CBM 197 Extra"]
[Source "ChessBase"]
[SourceDate "2020.09.30"]
[SourceVersion "1"]
[SourceVersionDate "2020.09.30"]
[SourceQuality "1"]

1. d4 d5 2. c4 e6 3. Nc3 Nf6 4. cxd5 exd5 5. Bg5 Bb4 6. Nf3 0-0 7. a3 Bxc3+ 8. bxc3 c6 9. c4 Nbd7 10. c5 Qa5+ 11. Bd2 Qc7 12. e3 b6 13. cxb6 axb6 14. Rb1 c5 15. dxc5 bxc5 16. Bc1 Ne5 17. Nxe5 Qxe5 18. Bb2 Qe6 19. Bxf6 gxf6 20. Qd3 Qf5 21. Qxf5 Bxf5 22. Rb3 c4 23. Rc3 Rab8 24. f3 Rb1+ 25. Kf2 Rb2+ 26. Kg3 Rb3 27. Rxb3 cxb3 28. Be2 Rb8 29. e4 dxe4 30. Kf4 exf3 31. Kxf3 Bg6 32. Ke3 b2 33. Bd3 Bxd3 34. Kxd3 b1Q+ 35. Rxb1 0-1

[Event "GER Cup Net V4 U1600"]
[Site "Playchess.com INT"]
[Date "2020.05.31"]
[Round "4"]
[White "Hellmich, Michael"]
[Black "Borgert, Alexander"]
[Result "1-0"]
[WhiteElo "1411"]
[BlackElo "1538"]
[PlyCount "35"]
[EventDate "2020.05.31"]
[EventType "swiss (blitz)"]
[EventRounds "9"]
[EventCountry "GER"]
[SourceTitle "EXT 2021"]
[Source "ChessBase"]
[SourceDate "2020.10.23"]
[SourceVersion "1"]
[SourceVersionDate "2020.10.23"]
[SourceQuality "1"]

1. e4 c5 2. d4 cxd4 3. c3 d3 4. Bxd3 g6 5. Nf3 Bg7 6. 0-0 Nc6 7. Nbd2 e6 8. Re1 Nge7 9. e5 Qc7 10. Nc4 b5 11. Nd6+ Kd8 12. Nxf7+ Ke8 13. Nxh8 Bxh8 14. Bf4 Bg7 15. Nd4 Nxd4 16. cxd4 Qb6 17. Rc1 Qxd4 18. Bxg6+ 1-0

[Event "GER Cup Net V4 U1600"]
[Site "Playchess.com INT"]
[Date "2020.05.31"]
[Round "1"]
[White "Steimle, Markus"]
[Black "Borgert, Alexander"]
[Result "0-1"]
[WhiteElo "1280"]
[BlackElo "1538"]
[PlyCount "72"]
[EventDate "2020.05.31"]
[EventType "swiss (blitz)"]
[EventRounds "9"]
[EventCountry "GER"]
[SourceTitle "EXT 2021"]
[Source "ChessBase"]
[SourceDate "2020.10.23"]
[SourceVersion "1"]
[SourceVersionDate "2020.10.23"]
[SourceQuality "1"]

1. d4 d5 2. Nf3 Nf6 3. e3 c5 4. c3 e6 5. Bd3 Nc6 6. Nbd2 Bd6 7. 0-0 Bd7 8. Re1 c4 9. Bc2 b5 10. e4 a6 11. e5 Be7 12. exf6 Bxf6 13. b3 cxb3 14. axb3 Qc7 15. Bb2 Qf4 16. h3 g5 17. Nf1 Rg8 18. Ng3 g4 19. Nh2 gxh3 20. gxh3 Rxg3+ 21. fxg3 Qxg3+ 22. Kh1 Qxh3 23. Qf3 Qh6 24. Rg1 0-0-0 25. Raf1 Be7 26. Qxf7 Bd6 27. Qxh7 Qd2 28. Rg2 Qe3 29. Bc1 Qxc3 30. Qd3 Qxd4 31. Qxd4 Nxd4 32. Bg6 Rh8 33. Be3 Nxb3 34. Rfg1 d4 35. Bg5 Bc6 36. Bf7 Rxh2# 0-1

[Event "GER Cup Net V2 U1600"]
[Site "Playchess.com INT"]
[Date "2020.05.22"]
[Round "5"]
[White "Segermann, Nils"]
[Black "Borgert, Alexander"]
[Result "1-0"]
[WhiteElo "1645"]
[BlackElo "1604"]
[PlyCount "25"]
[EventDate "2020.05.22"]
[EventType "swiss (blitz)"]
[EventRounds "9"]
[EventCountry "GER"]
[SourceTitle "EXT 2021"]
[Source "ChessBase"]
[SourceDate "2020.10.23"]
[SourceVersion "1"]
[SourceVersionDate "2020.10.23"]
[SourceQuality "1"]

1. e4 c5 2. Bc4 a6 3. Qf3 e6 4. a3 Nc6 5. Nc3 Ne5 6. Qe2 Nxc4 7. Qxc4 Nf6 8. Qe2 b5 9. d3 Bb7 10. Bg5 h6 11. Bxf6 Qxf6 12. Qf3 Qf4 13. Qxf4 1-0

[Event "GER-ch U18 sf Berlin Online"]
[Site "Playchess.com INT"]
[Date "2020.05.01"]
[Round "3"]
[White "Borgert, Alexander"]
[Black "Fock, Madiha"]
[Result "1-0"]
[WhiteElo "1610"]
[BlackElo "1749"]
[PlyCount "65"]
[EventDate "2020.05.01"]
[EventType "swiss (blitz)"]
[EventRounds "13"]
[EventCountry "GER"]
[SourceTitle "CBM 195 Extra"]
[Source "ChessBase"]
[SourceDate "2020.05.31"]
[SourceVersion "1"]
[SourceVersionDate "2020.05.31"]
[SourceQuality "1"]

1. d4 d5 2. c4 e6 3. Nf3 Nf6 4. Bg5 Be7 5. Nc3 b6 6. cxd5 exd5 7. e3 Bb7 8. Bb5+ c6 9. Bd3 0-0 10. Bxf6 Bxf6 11. Qc2 h6 12. h3 Nd7 13. h4 Be7 14. g4 Nf6 15. g5 Ng4 16. Rg1 h5 17. g6 Bxh4 18. gxf7+ Rxf7 19. Bg6 Rxf3 20. Bh7+ Kf8 21. 0-0-0 Rxf2 22. Qg6 Bg5 23. Qxh5 Bxe3+ 24. Kb1 Nf6 25. Qg6 Qc7 26. Rde1 Rf3 27. Qg2 Bxg1 28. Qxf3 Bxd4 29. Bg6 Bxc3 30. bxc3 Rd8 31. Qh3 Rd7 32. Qh8+ Ng8 33. Re8# 1-0

[Event "GER-ch U18 sf Berlin Online"]
[Site "Playchess.com INT"]
[Date "2020.05.01"]
[Round "13"]
[White "Borgert, Alexander"]
[Black "Kaufmann, Emanuel"]
[Result "0-1"]
[WhiteElo "1610"]
[BlackElo "1672"]
[PlyCount "72"]
[EventDate "2020.05.01"]
[EventType "swiss (blitz)"]
[EventRounds "13"]
[EventCountry "GER"]
[SourceTitle "CBM 195 Extra"]
[Source "ChessBase"]
[SourceDate "2020.05.31"]
[SourceVersion "1"]
[SourceVersionDate "2020.05.31"]
[SourceQuality "1"]

1. d4 d5 2. c4 e6 3. Nc3 c5 4. Nf3 Nc6 5. cxd5 exd5 6. dxc5 d4 7. Nb5 Bxc5 8. a3 Qa5+ 9. b4 Bxb4+ 10. axb4 Qxb4+ 11. Bd2 Qxb5 12. e4 Qb6 13. Qa4 Bd7 14. Ba5 Nxa5 15. Qxa5 Qxa5+ 16. Rxa5 Ne7 17. Nxd4 Nc6 18. Nxc6 Bxc6 19. Bb5 Bxb5 20. Rxb5 b6 21. 0-0 0-0 22. Ra1 Rfe8 23. f3 Re6 24. Ra6 Rc6 25. Kf2 Kf8 26. Kg3 Ke7 27. Kf4 Kd7 28. e5 Kc7 29. Ra4 a5 30. Kf5 Rd8 31. g4 Rd2 32. h4 Rdc2 33. f4 R2c4 34. Ra3 h6 35. h5 g6+ 36. hxg6 fxg6# 0-1

[Event "GER-ch Net Amateur Gr-C Final"]
[Site "Playchess.com INT"]
[Date "2020.04.18"]
[Round "5"]
[White "Borgert, Alexander"]
[Black "Bock, Leonas"]
[Result "1-0"]
[WhiteElo "1569"]
[BlackElo "1361"]
[PlyCount "35"]
[EventDate "2020.04.18"]
[EventType "swiss (blitz)"]
[EventRounds "13"]
[EventCountry "GER"]
[SourceTitle "CBM 195 Extra"]
[Source "ChessBase"]
[SourceDate "2020.05.31"]
[SourceVersion "1"]
[SourceVersionDate "2020.05.31"]
[SourceQuality "1"]

1. d4 d5 2. c4 e6 3. Nc3 f5 4. Nf3 Nf6 5. Bg5 Be7 6. e3 0-0 7. h3 c6 8. h4 Ne4 9. Bxe7 Qxe7 10. Qb3 Qf7 11. Nxe4 fxe4 12. Ne5 Qxf2+ 13. Kd1 Qxf1+ 14. Rxf1 Rxf1+ 15. Ke2 Rxa1 16. Qb4 Nd7 17. Qe7 Nxe5 18. Qe8# 1-0

[Event "GER-ch Net Amateur Gr-C Final"]
[Site "Playchess.com INT"]
[Date "2020.04.18"]
[Round "8"]
[White "Borgert, Alexander"]
[Black "Kaufmann, Emanuel"]
[Result "0-1"]
[WhiteElo "1569"]
[BlackElo "1518"]
[PlyCount "90"]
[EventDate "2020.04.18"]
[EventType "swiss (blitz)"]
[EventRounds "13"]
[EventCountry "GER"]
[SourceTitle "CBM 195 Extra"]
[Source "ChessBase"]
[SourceDate "2020.05.31"]
[SourceVersion "1"]
[SourceVersionDate "2020.05.31"]
[SourceQuality "1"]

1. d4 d5 2. c4 e6 3. Nf3 c5 4. Nc3 Nc6 5. cxd5 exd5 6. Bf4 Nf6 7. dxc5 Bxc5 8. Bg5 0-0 9. Bxf6 Qxf6 10. Qxd5 Bb4 11. Qe5 Qxe5 12. Nxe5 Bxc3+ 13. bxc3 Nxe5 14. Kd2 Rd8+ 15. Kc2 Bf5+ 16. Kb2 Rd2+ 17. Kb3 Rad8 18. e3 Rd1 19. Rxd1 Rxd1 20. f3 Bd3 21. f4 Rxf1 22. Rxf1 Bxf1 23. fxe5 Bxg2 24. Kc4 Kf8 25. a4 Bc6 26. a5 Ke7 27. Kd4 Ke6 28. e4 f6 29. exf6 gxf6 30. h4 h5 31. c4 b6 32. axb6 axb6 33. Kd3 Ke5 34. Ke3 Bxe4 35. c5 b5 36. c6 b4 37. c7 Bf5 38. Kd2 Kd4 39. Kc1 Kc3 40. c8Q+ Bxc8 41. Kb1 b3 42. Ka1 b2+ 43. Kb1 Bf5+ 44. Ka2 b1Q+ 45. Ka3 Qa1# 0-1